000 00986cam a2200265Ma 4500
001 94524
005 20230411085730.0
008 950822s1976 dr 000 0 spa d
035 _a(OCoLC)ocm78864323
040 _aNNMoMA
_cMMX
_dOCLCG
035 _a(OCoLC)78864323
049 _aGRAL
050 1 4 _aR969g 1976
100 1 _aRussin, Robert I.,
_d1914-2007.
245 1 3 _aLa Galeria de Arte Moderno en ocasion de su inauguracion con orgullo presenta una exhibicion de las esculturas de Robert I. Russin :
_bSanto Domingo, Republica Dominicana, ano de Juan Pablo Duarte, 1976, Bicentenario de la Independencia Norteamericana.
246 3 4 _aRobert I. Russin, esculturas
260 _aSanto Domingo :
_bLa GalerĂ¢ia,
_c1976.
300 _a78 p.
500 _aSpanish and English.
600 1 0 _aRussin, Robert I.,
_d1914-2007.
_xExhibitions.
710 2 _aGaleria de Arte Moderno (Santo Domingo, Dominican Republic)
942 _2lcc
_cbk
994 _aC0
_bDRFGD
946 _anc
999 _c106626
_d106626